000 00322nam a2200133Ia 4500
005 20251222144838.0
008 251222s9999||||xx |||||||||||||| ||spa||
020 _a88-7610-998-6
082 _a246.45/B41S
100 _aBellini, Carlo
245 0 _aSe questo non é un uomo... Il feto:
264 _bAncora
942 _cLIB
999 _c21133
_d21133